| 000 | 00540nam a2200181 4500 | ||
|---|---|---|---|
| 001 | 113075 | ||
| 003 | ES-MaACL | ||
| 005 | 20250930063114.0 | ||
| 007 | t| | ||
| 008 | 061121s1967 sp r ||||1| spa d | ||
| 100 | 1 |
_aNúñez Alonso, Alejandro, _d1905-1982 _986172 |
|
| 245 | 1 | 0 |
_aSol de Babilonia _b: novela / _cAlejandro Núñez Alonso. |
| 250 | _a1ª ed. | ||
| 260 |
_aBarcelona : _bPlaneta, _c1967. |
||
| 300 |
_a664 p., 1 lám. = retr. aut. ; _c22 cm. |
||
| 852 |
_aES-MaACL _jC-33470 _bR.64231 |
||
| 999 |
_c113075 _d113075 |
||